000 00624nam a2200229 4500
001 sa 68014471
003 DLC
005 20260227112632.0
008 700204s1968 ii b 00110 eng
010 _asa 68014471
025 _aPL480:I-E-11008
050 0 _aJC599.I4
_bM85
082 _a323.4/0954
100 1 0 _aMukharji, Prasanta Bihari,
_d1910-
245 1 _aCivil liberties,
_cby P. B. Mukharji.
260 0 _aBombay,
_bN. M. Tripathi,
_c1968.
300 _avi, 170 p.
_c24 cm.
350 _a15.00
490 0 _aRamananda lectures, 1965
504 _aBibliography: p. 163-164.
650 0 _aCivil rights
_zIndia.
999 _c85814
_d85814